[Event "Helsingor Xtracon op"]
[Site "Helsingor"]
[Date "2017.07.27"]
[Round "7"]
[White "Erikstad, Anders"]
[Black "Ski, Alexander K"]
[Result "0-1"]
[WhiteElo "1166"]
[BlackElo "1658"]
[PlyCount "70"]
[EventDate "2017.07.22"]
[EventType "swiss"]
[EventRounds "10"]
[EventCountry "DEN"]
[SourceTitle "CBM 179 Extra"]
[Source "ChessBase"]
[SourceDate "2017.08.23"]
[SourceVersion "1"]
[SourceVersionDate "2017.08.23"]
[SourceQuality "1"]

1. d4 d5 2. c4 e6 3. Nf3 Nf6 4. Bg5 Be7 5. Nc3 b6 6. e3 0-0 7. Bd3 Nc6 8. 0-0 Bb7 9. Qe2 Nb4 10. cxd5 exd5 11. Bf5 a5 12. Rfc1 Ne4 13. Bf4 Ba6 14. Qd1 Nd3 15. Rc2 Nxf4 16. exf4 Nxc3 17. Rxc3 Bd6 18. Ne5 Qf6 19. Qc2 g6 20. Bg4 Qxf4 21. Be2 Qxd4 22. Nf3 Qf6 23. Bxa6 Rxa6 24. Rd3 c6 25. Re1 Raa8 26. Qxc6 Bxh2+ 27. Kxh2 Qxc6 28. Re5 Rad8 29. Re1 Rfe8 30. Red1 Re2 31. R3d2 Rde8 32. b3 Kg7 33. Kg1 Qc5 34. Nd4 Rxd2 35. Rxd2 Qc1+ 0-1

[Event "Helsingor Xtracon op"]
[Site "Helsingor"]
[Date "2017.07.24"]
[Round "4"]
[White "Ski, Alexander K"]
[Black "Andersen, Dag"]
[Result "1/2-1/2"]
[WhiteElo "1658"]
[BlackElo "1855"]
[PlyCount "51"]
[EventDate "2017.07.22"]
[EventType "swiss"]
[EventRounds "10"]
[EventCountry "DEN"]
[SourceTitle "CBM 179 Extra"]
[Source "ChessBase"]
[SourceDate "2017.08.23"]
[SourceVersion "1"]
[SourceVersionDate "2017.08.23"]
[SourceQuality "1"]

1. e3 d5 2. d4 Nf6 3. c4 c6 4. Nc3 e6 5. Nf3 Nbd7 6. Bd3 dxc4 7. Bxc4 b5 8. Bd3 a6 9. e4 c5 10. e5 Nd5 11. Nxd5 exd5 12. 0-0 c4 13. Bc2 Be7 14. Bd2 0-0 15. Qe2 Nb8 16. h3 Nc6 17. Rad1 Be6 18. Bc1 Qd7 19. Nh2 Nb4 20. Bb1 Bf5 21. Bxf5 Qxf5 22. a3 Nc6 23. Ng4 Qe6 24. f4 f5 25. Ne3 Bd8 26. Qf3 1/2-1/2

[Event "Konnerud GP B"]
[Site "Konnerud"]
[Date "2015.11.21"]
[Round "2"]
[White "Ski, Alexander K"]
[Black "Sidali, Elias Hulleberg"]
[Result "1-0"]
[WhiteElo "1450"]
[BlackElo "1445"]
[PlyCount "59"]
[EventDate "2015.11.21"]
[EventType "swiss"]
[EventRounds "5"]
[EventCountry "NOR"]
[SourceTitle "EXT 2024"]
[Source "ChessBase"]
[SourceDate "2023.10.10"]
[SourceVersion "1"]
[SourceVersionDate "2023.10.10"]
[SourceQuality "1"]

1. e4 e6 2. d4 d5 3. exd5 exd5 4. Be3 Nf6 5. c4 Bb4+ 6. Nc3 Ne4 7. Qa4+ Nc6 8. Nge2 Nxc3 9. Nxc3 Bxc3+ 10. bxc3 dxc4 11. Bxc4 Bd7 12. Qb3 0-0 13. Qc2 Re8 14. 0-0 h6 15. Rad1 Qc8 16. Bd3 Ne7 17. Rfe1 Nf5 18. Bf4 Re6 19. Be5 Rg6 20. Bxc7 Nxd4 21. cxd4 Rxg2+ 22. Kxg2 Bh3+ 23. Kg1 Qg4+ 24. Bg3 Rc8 25. Qe2 Qd7 26. Bb5 Qd5 27. f3 Qf5 28. Qd3 Rc2 29. Qxf5 Rg2+ 30. Kh1 1-0

[Event "Politiken Cup 37th"]
[Site "Helsingor"]
[Date "2015.08.01"]
[Round "9"]
[White "Huse, Lars Paul"]
[Black "Ski, Alexander K"]
[Result "1/2-1/2"]
[WhiteElo "1170"]
[BlackElo "1445"]
[PlyCount "49"]
[EventDate "2015.07.25"]
[EventType "swiss"]
[EventRounds "10"]
[EventCountry "DEN"]
[SourceTitle "CBM 167 Extra"]
[Source "ChessBase"]
[SourceDate "2015.09.14"]
[SourceVersion "1"]
[SourceVersionDate "2015.09.14"]
[SourceQuality "1"]

1. e4 e5 2. Nf3 Nc6 3. d4 exd4 4. Nxd4 Nxd4 5. Qxd4 d6 6. Qd1 Nf6 7. f3 g6 8. Bd3 Bg7 9. Be3 0-0 10. c3 Qe7 11. Nd2 Nd7 12. 0-0 f5 13. Qe1 f4 14. Bf2 Ne5 15. Bc2 Be6 16. Qe2 Kh8 17. Bb3 Bxb3 18. axb3 a6 19. Nc4 Qe6 20. g3 fxg3 21. Bxg3 Nxc4 22. Qxc4 Qxc4 23. bxc4 Be5 24. f4 Bf6 25. Rae1 1/2-1/2

[Event "Politiken Cup 37th"]
[Site "Helsingor"]
[Date "2015.07.31"]
[Round "8"]
[White "Ski, Alexander K"]
[Black "Olsen, Age"]
[Result "0-1"]
[WhiteElo "1445"]
[BlackElo "1735"]
[PlyCount "132"]
[EventDate "2015.07.25"]
[EventType "swiss"]
[EventRounds "10"]
[EventCountry "DEN"]
[SourceTitle "CBM 167 Extra"]
[Source "ChessBase"]
[SourceDate "2015.09.14"]
[SourceVersion "1"]
[SourceVersionDate "2015.09.14"]
[SourceQuality "1"]

1. e4 c6 2. d4 d5 3. exd5 cxd5 4. Nf3 Nc6 5. Bb5 f6 6. 0-0 g6 7. Be3 Nh6 8. Nc3 Nf7 9. Qd2 Bg7 10. Ne2 0-0 11. c4 a6 12. Bxc6 bxc6 13. c5 e5 14. Nc3 e4 15. Ne1 f5 16. Na4 g5 17. Nb6 Rb8 18. f4 exf3 19. Nxf3 f4 20. Bf2 Bg4 21. Qd3 Bc8 22. Qd2 Qf6 23. Rfe1 Qf5 24. g3 h5 25. Rad1 Qf6 26. Ne5 Nxe5 27. Rxe5 Qg6 28. Ree1 Bg4 29. Rc1 Rb7 30. Kg2 Qf5 31. Qc2 Bh3+ 32. Kg1 Qf6 33. Qe2 fxg3 34. Bxg3 Qxd4+ 35. Kh1 Bf5 36. Be5 Bxe5 37. Qxe5 Be4+ 38. Rxe4 Qxe4+ 39. Qxe4 dxe4 40. Kg2 Rbf7 41. Nc4 Rf2+ 42. Kg1 Re2 43. Ne5 Rff2 44. Nxc6 Rxb2 45. Ne7+ Kf7 46. Nd5 Rbc2 47. Rb1 Rfd2 48. Nb4 Rxc5 49. Nxa6 Rcc2 50. Nb4 Rb2 51. Rxb2 Rxb2 52. a3 Rb3 53. Kf2 Rxa3 54. Nd5 Ke6 55. Ne3 h4 56. Ng4 Kf5 57. Ne3+ Kf4 58. Nd5+ Kg4 59. Kg2 Ra2+ 60. Kg1 Kf3 61. h3 e3 62. Nc3 Ra1+ 63. Kh2 e2 64. Nb5 Rh1+ 65. Kxh1 e1Q+ 66. Kh2 Qf2+ 0-1